00418nam a2200133 a 450000500170000000800410001705000180005824500370007665000090011365000210012294200080014399900190015195201140017020141022142000.0080915s19uu xx 00 eng d aVHSbD84 2004 aDrug free kids: a parents guide. aVHS. aA parents guide. cAVM c276226d276226 00104050aCLbCLcAVd2010-08-25eLib. Fundl0oVHS D84 2004pAVM0040r2014-04-12 00:00:00w2014-04-12yAVM